[Event "Malmo op"]
[Site "Malmo"]
[Date "2018.12.15"]
[Round "6"]
[White "Lofgren, John"]
[Black "Nilsson, Hannes"]
[Result "1-0"]
[WhiteElo "1597"]
[BlackElo "1484"]
[PlyCount "103"]
[EventDate "2018.12.14"]
[EventType "swiss"]
[EventRounds "8"]
[EventCountry "SWE"]
[SourceTitle "CBM 187 Extra"]
[Source "ChessBase"]
[SourceDate "2018.11.04"]
[SourceVersion "1"]
[SourceVersionDate "2018.11.04"]
[SourceQuality "1"]

1. e4 e6 2. d4 d5 3. Bd3 Nf6 4. Bg5 Be7 5. e5 Nfd7 6. Bxe7 Qxe7 7. Qg4 f6 8. Bxh7 f5 9. Bg6+ Kf8 10. Bxf5 exf5 11. Qxf5+ Qf7 12. Qg4 Nb6 13. Qg3 Nc6 14. c3 Bf5 15. Nd2 Qg6 16. Qxg6 Bxg6 17. f4 Ke7 18. g4 Bc2 19. Rc1 Bd3 20. Kf2 Rh4 21. Kg3 Rah8 22. h3 Nd8 23. Ngf3 R4h6 24. Ng5 Ne6 25. Nxe6 Kxe6 26. f5+ Ke7 27. b3 Be4 28. Nxe4 dxe4 29. c4 Rd8 30. d5 Nd7 31. g5 Rh5 32. f6+ Kf8 33. Kg4 g6 34. e6 Ne5+ 35. Kf4 Nd3+ 36. Kxe4 Nxc1 37. e7+ Ke8 38. exd8Q+ Kxd8 39. Rxc1 Rxh3 40. Re1 Ke8 41. Kf4+ Kd7 42. Re7+ Kd6 43. Re6+ Kd7 44. c5 Rh2 45. Re7+ Kd8 46. Kg3 Rd2 47. Rxc7 Kxc7 48. f7 Rd3+ 49. Kg4 Rd4+ 50. Kf3 Rxd5 51. f8Q Rxc5 52. Qxc5+ 1-0